[Event "Druzynowe Mistrzostwa Polski Juniorow - I Liga Juniorow 2019"]
[Site "Ustron"]
[Date "1899-12-30"]
[Round "3.13"]
[White "Fiedorek, Michal"]
[Black "Teclaf, Pawel"]
[Result "0-1"]
[WhiteTitle "k"]
[BlackTitle "IM"]
[WhiteElo "2158"]
[BlackElo "2454"]

1. e4 c5 2. Nf3 e6 3. d4 cxd4 4. Nxd4 a6 5. Bd3 Bc5 6. Nb3 Ba7 7. O-O Nc6 8. c4
Nf6 9. Nc3 d6 10. Bf4 O-O 11. Qe2 e5 12. Bg5 h6 13. Bh4 Be6 14. Kh1 g5 15. Bg3
Rc8 16. Rfd1 Nd7 17. Nd5 Nc5 18. Nxc5 Bxc5 19. a3 Kg7 20. b4 Bd4 21. Rac1 a5 22.
Rb1 axb4 23. axb4 Ra8 24. f3 Ra3 25. b5 Nb8 26. Bf2 Bxf2 27. Qxf2 Bxd5 28. exd5
Nd7 29. Qb2 Qa5 30. Bf5 Nc5 31. h4 Qc3 32. Qe2 Rfa8 33. Rbc1 Qe3 34. Qxe3 Rxe3
35. hxg5 hxg5 36. Ra1 Rea3 37. Rxa3 Rxa3 38. Rc1 Kf6 39. Be4 g4 40. Kh2 Kg5 41.
b6 f5 42. Bb1 gxf3 43. gxf3 Rxf3 44. Rg1+ Kf4 45. Rg6 Rb3 0-1

[Event "Druzynowe Mistrzostwa Polski Juniorow - I Liga Juniorow 2019"]
[Site "Ustron"]
[Date "1899-12-30"]
[Round "3.14"]
[White "Galuszka, Tomasz"]
[Black "Hryn, Zofia"]
[Result "1-0"]
[WhiteTitle "k"]
[BlackTitle "I++"]
[WhiteElo "2112"]
[BlackElo "1622"]

1. e4 d6 2. d4 Nf6 3. Nc3 e5 4. Nf3 Nbd7 5. Bc4 Be7 6. O-O O-O 7. Re1 c6 8. a4
a5 9. Ba2 h6 10. h3 Re8 11. Be3 Qc7 12. Nh4 Nf8 13. Qf3 Be6 14. Nf5 Bxf5 15. Qxf5
Qd7 16. Qf3 exd4 17. Bxd4 Ne6 18. Be3 Bf8 19. Bxh6 Nd4 20. Qd3 Nxc2 21. Qxc2 gxh6
22. Rad1 Qe7 23. Re3 Bg7 24. Rf3 Rf8 25. Bb1 Rfe8 26. Rg3 Nh5 27. Rg4 Nf6 28.
Rf4 Rad8 29. Ba2 Rf8 30. Rf5 Ra8 31. Qd3 d5 32. exd5 Nxd5 33. Bxd5 Bxc3 34. Qxc3
cxd5 35. Rfxd5 Rfc8 36. Qg3+ Kh7 37. Rd7 Qe6 38. Qf4 Rf8 39. R1d6 Qe1+ 40. Kh2
1-0

[Event "Druzynowe Mistrzostwa Polski Juniorow - I Liga Juniorow 2019"]
[Site "Ustron"]
[Date "1899-12-30"]
[Round "3.15"]
[White "Wielgus, Wojciech"]
[Black "Dziendziel, Mateusz"]
[Result "0-1"]
[WhiteTitle "I"]
[BlackTitle "I"]
[WhiteElo "1821"]
[BlackElo "1753"]

1. e4 c5 2. Nf3 d6 3. d4 Nf6 4. Nc3 cxd4 5. Nxd4 g6 6. Be3 Bg7 7. f3 O-O 8. Qd2
Nc6 9. g4 Nxd4 10. Bxd4 Be6 11. h4 Qa5 12. h5 Rfc8 13. hxg6 hxg6 14. Qh2 b5 15.
Bd3 Qb4 16. Bxf6 exf6 17. Qh7+ Kf8 18. O-O-O Rxc3 19. bxc3 Qxc3 20. Qh8+ Bxh8
21. Rxh8+ Ke7 22. Rxa8 Qc5 23. Rb8 a6 24. Rh8 Qe3+ 25. Kb1 Qxf3 26. Rhh1 Qxg4
27. Rhg1 Qf4 28. Rdf1 Qe5 29. Rf2 Qc3 30. Rgf1 a5 31. Rf3 b4 32. Bb5 Qc5 33. Ba4
Qe5 34. Bb3 Bd7 35. R1f2 a4 36. Bd5 a3 37. Rb3 Qd4 38. Rf1 Ba4 39. c3 Qd3+ 40.
Kc1 Bxb3 0-1

[Event "Druzynowe Mistrzostwa Polski Juniorow - I Liga Juniorow 2019"]
[Site "Ustron"]
[Date "1899-12-30"]
[Round "3.16"]
[White "Herwy, Jakub"]
[Black "Warchol, Kamil"]
[Result "0-1"]
[WhiteTitle "I+"]
[BlackTitle "CM"]
[WhiteElo "1641"]
[BlackElo "1639"]

1. e4 c5 2. c4 Nc6 3. Nc3 g6 4. g3 a6 5. f4 Bg7 6. Nf3 d6 7. Bg2 e6 8. O-O Nge7
9. d3 O-O 10. Be3 Nd4 11. Qd2 f5 12. Rab1 Nec6 13. Ne2 fxe4 14. dxe4 e5 15. fxe5
dxe5 16. Nc3 Bg4 17. Ne1 Qd6 18. Nd3 Rad8 19. Rxf8+ Rxf8 20. Rf1 Rxf1+ 21. Kxf1
b5 22. b3 bxc4 23. bxc4 Na5 24. Nb2 Qe6 25. Qd3 Bh3 26. Bxh3 Qxh3+ 27. Kg1 Bh6
28. Nca4 Bf8 29. Qf1 Qg4 30. Kg2 Qxe4+ 31. Kh3 Qxe3 32. Qf6 Qf3 33. Qxa6 Qf1+
34. Kh4 Be7+ 35. Kg4 Qf5# 0-1

[Event "Druzynowe Mistrzostwa Polski Juniorow - I Liga Juniorow 2019"]
[Site "Ustron"]
[Date "1899-12-30"]
[Round "3.17"]
[White "Hryn, Aleksandra"]
[Black "Buchta, Agnieszka"]
[Result "0-1"]
[WhiteTitle "I+"]
[BlackTitle "I++"]
[WhiteElo "1611"]
[BlackElo "1818"]

1. e4 c5 2. Be2 e6 3. d3 Nc6 4. f4 d5 5. Nf3 Bd6 6. e5 Bc7 7. c3 Nge7 8. Be3 Bb6
9. Bf2 O-O 10. O-O f6 11. d4 cxd4 12. cxd4 fxe5 13. fxe5 Nf5 14. Na3 Nfxd4 15.
Bxd4 Rxf3 16. Bxf3 Bxd4+ 17. Kh1 Bxb2 18. Nb5 Bxe5 19. Rc1 Qh4 20. h3 a6 21. Bxd5
axb5 22. Bxc6 bxc6 23. Qf3 Qe7 24. Qxc6 Bb7 25. Qxb5 Bd5 26. Qe2 Bd6 27. a4 Qg5
28. Qc2 h6 29. Kg1 Qg3 30. Rf2 Bf4 31. Rcf1 Qh2# 0-1

[Event "Druzynowe Mistrzostwa Polski Juniorow - I Liga Juniorow 2019"]
[Site "Ustron"]
[Date "1899-12-30"]
[Round "3.18"]
[White "Obrochta, Lena"]
[Black "Kieca, Aleksandra"]
[Result "1-0"]
[WhiteTitle "I++"]
[BlackTitle "I"]
[WhiteElo "1546"]
[BlackElo "1516"]

1. e4 g6 2. d4 Bg7 3. Nf3 c6 4. Bd3 d5 5. exd5 cxd5 6. O-O Nh6 7. c3 f6 8. Bf4
Nc6 9. Re1 Nf7 10. c4 dxc4 11. Bxc4 O-O 12. h3 Na5 13. Bb3 Nxb3 14. Qxb3 Re8 15.
Nc3 Kf8 16. Rad1 Nd6 17. d5 g5 18. Bh2 g4 19. Nd4 gxh3 20. Ne6+ Bxe6 21. dxe6
Qc7 22. Bxd6 exd6 23. Nd5 Qc5 24. e7+ Kg8 25. Nxf6+ Kh8 26. Nxe8 Rxe8 27. Qf7
Qc6 28. Qxe8+ Qxe8 29. Rxd6 Kg8 30. Rd8 Kf7 31. Rxe8 Kxe8 32. b3 hxg2 33. Re6
b6 34. Kxg2 Bd4 35. f4 Bc5 36. f5 1-0

[Event "Druzynowe Mistrzostwa Polski Juniorow - I Liga Juniorow 2019"]
[Site "Ustron"]
[Date "1899-12-30"]
[Round "3.19"]
[White "Krych, Dominik"]
[Black "Brozyna, Mateusz"]
[Result "0-1"]
[WhiteTitle "III"]
[BlackTitle "k"]
[WhiteElo "1472"]
[BlackElo "2252"]

1. d4 Nf6 2. Bf4 b6 3. e3 Bb7 4. Nf3 Nh5 5. c4 Nxf4 6. exf4 g6 7. Nc3 Bg7 8. Be2
O-O 9. O-O d6 10. Qd3 e6 11. Rfd1 Nd7 12. Nd2 Qf6 13. Bf3 c6 14. Ne2 d5 15. b4
Rfc8 16. Rab1 Qd8 17. Bg4 Nf6 18. Bh3 Ba6 19. Nc3 dxc4 20. Nxc4 Nd5 21. g3 c5
22. bxc5 bxc5 23. Ne4 cxd4 24. Ned6 Rc6 25. Nb7 Qc7 26. Nba5 Bxc4 27. Qa3 Ra6
0-1

[Event "Druzynowe Mistrzostwa Polski Juniorow - I Liga Juniorow 2019"]
[Site "Ustron"]
[Date "1899-12-30"]
[Round "3.20"]
[White "Suder, Jakub"]
[Black "Leskiewicz, Ignacy"]
[Result "1-0"]
[WhiteTitle "I++"]
[BlackTitle "k"]
[WhiteElo "1989"]
[BlackElo "2120"]

1. d4 d5 2. c4 dxc4 3. e3 Nf6 4. Bxc4 a6 5. a4 e6 6. Nf3 c5 7. O-O Nc6 8. dxc5
Qxd1 9. Rxd1 Bxc5 10. Nbd2 O-O 11. Nb3 Be7 12. Bd2 Ne4 13. Be1 Nd6 14. Be2 e5
15. Na5 Bg4 16. Nxc6 bxc6 17. h3 Bxf3 18. Bxf3 Rab8 19. Bc3 e4 20. Be2 a5 21.
Rd4 f5 22. Rad1 Nb7 23. Rd7 Rfe8 24. Be5 Nc5 25. Rxe7 1-0

[Event "Druzynowe Mistrzostwa Polski Juniorow - I Liga Juniorow 2019"]
[Site "Ustron"]
[Date "1899-12-30"]
[Round "3.21"]
[White "Klimkowski, Jan"]
[Black "Dziewonski, Dariusz"]
[Result "1-0"]
[WhiteTitle "I"]
[BlackTitle "I"]
[WhiteElo "1932"]
[BlackElo "1803"]

1. e4 c5 2. Nf3 d6 3. d4 cxd4 4. Nxd4 Nf6 5. Nc3 g6 6. Be3 Bg7 7. f3 O-O 8. Qd2
Nc6 9. O-O-O d5 10. Qe1 e5 11. Nxc6 bxc6 12. exd5 Nxd5 13. Bc4 Be6 14. Bc5 Qb8
15. Bxf8 Qxf8 16. Nxd5 cxd5 17. Bxd5 Bxd5 18. Rxd5 Qe7 19. Qd2 Qf8 20. Kb1 Rb8
21. Rd1 Bf6 22. Rd6 Kg7 23. c3 Rb5 24. c4 Rb8 25. c5 Be7 26. Qd5 Bxd6 27. cxd6
f6 28. f4 exf4 29. Re1 Re8 30. Rc1 Rd8 31. Rc7+ Kh8 32. Re7 Qg8 33. Qe4 Rxd6 34.
Re8 Rd1+ 35. Kc2 Rh1 36. Rxg8+ Kxg8 37. Qe8+ Kg7 38. Qe7+ Kg8 39. Qd8+ Kg7 40.
Qc7+ Kg8 41. Qxf4 Kg7 42. h3 Rg1 43. Qf2 Ra1 44. Qxa7+ Kh6 45. a4 f5 46. a5 g5
47. a6 1-0

[Event "Druzynowe Mistrzostwa Polski Juniorow - I Liga Juniorow 2019"]
[Site "Ustron"]
[Date "1899-12-30"]
[Round "3.22"]
[White "Sobala, Filip"]
[Black "Paprocki, Antoni"]
[Result "1/2-1/2"]
[WhiteTitle "II"]
[BlackTitle "I"]
[WhiteElo "1421"]
[BlackElo "1704"]

1. e4 c5 2. c3 d5 3. exd5 Qxd5 4. d4 Nc6 5. Nf3 Bf5 6. Be3 cxd4 7. cxd4 Bxb1 8.
Qxb1 e5 9. a3 exd4 10. Nxd4 Nxd4 11. Bxd4 Qxd4 12. Bb5+ Kd8 13. O-O Bd6 14. Qf5
Kc7 15. Rfd1 Qxd1+ 16. Rxd1 Rd8 17. Qxf7+ Ne7 18. Qc4+ Kb8 19. Qc2 Ng6 20. Qb3
Ka8 21. Be2 Ne5 22. Rc1 Rhf8 23. g3 Bb8 24. f4 Nd7 25. a4 Nf6 26. Bf3 Rd7 27.
a5 a6 28. Qe6 Ba7+ 29. Kf1 Kb8 30. Qe5+ Ka8 31. Qe2 Kb8 32. Rc3 Re8 33. Qc2 Red8
34. Qb3 Re7 35. Qb4 1/2-1/2

[Event "Druzynowe Mistrzostwa Polski Juniorow - I Liga Juniorow 2019"]
[Site "Ustron"]
[Date "1899-12-30"]
[Round "3.23"]
[White "Waligora, Julia"]
[Black "Mazanowska, Aniela"]
[Result "1-0"]
[WhiteTitle "I"]
[BlackTitle "II"]
[WhiteElo "1558"]
[BlackElo "1250"]

1. e4 d5 2. exd5 Qxd5 3. Nc3 Qa5 4. Nf3 Nf6 5. Bc4 Bg4 6. O-O Nc6 7. h3 Bh5 8.
Be2 e6 9. d3 Bd6 10. Be3 O-O 11. a3 Ne5 12. d4 Nxf3+ 13. Bxf3 Bxf3 14. Qxf3 c6
15. Rfe1 Rfe8 16. b4 Qc7 17. Ne4 Nxe4 18. Qxe4 a6 19. c4 Rad8 20. Rab1 Be7 21.
Red1 Bf6 22. a4 Re7 23. g4 Red7 24. g5 Be7 25. c5 Rd5 26. h4 b6 27. Rdc1 bxc5
28. dxc5 Qa7 29. Qc4 Rc8 30. Rb3 a5 31. b5 cxb5 32. Rxb5 Rc6 33. Qc3 f6 34. Qxa5
Qxa5 35. Rxa5 fxg5 36. hxg5 Bxg5 37. Bxg5 Rxg5+ 38. Kf1 h5 39. Rc4 h4 40. Rxh4
Rgxc5 41. Rxc5 Rxc5 42. Rb4 g5 43. Rb5 Rc1+ 44. Kg2 Ra1 45. Rxg5+ Kf7 46. Ra5
Ke7 47. Kf3 Ra2 48. Ke3 Kd6 49. Ra6+ Kd5 50. a5 e5 51. Ra8 Ra3+ 52. Ke2 Ra2+ 53.
Kf3 Ra3+ 54. Kg2 Kc6 55. a6 Kb6 56. Re8 Ra5 57. Re6+ Ka7 58. Kf3 Ra1 59. Rxe5
Kxa6 60. Ke4 Kb6 61. f4 Kc6 62. Kf5 Rf1 63. Kg5 Kd6 64. Re2 Rg1+ 65. Kf6 Rf1 66.
Rd2+ Kc7 67. f5 Kc6 68. Kg6 Rg1+ 69. Kf7 Rf1 70. f6 Kc7 71. Kg7 Rg1+ 72. Kf8 Rf1
73. f7 Kc8 74. Rd5 Kc7 75. Ke7 Re1+ 76. Kf6 Kc6 77. Rf5 1-0

[Event "Druzynowe Mistrzostwa Polski Juniorow - I Liga Juniorow 2019"]
[Site "Ustron"]
[Date "1899-12-30"]
[Round "3.25"]
[White "Lis, Mateusz"]
[Black "Szpar, Milosz"]
[Result "1/2-1/2"]
[WhiteTitle "k"]
[BlackTitle "FM"]
[WhiteElo "2032"]
[BlackElo "2289"]

1. e4 g6 2. d4 Bg7 3. Nc3 d6 4. Be3 a6 5. a4 Nf6 6. Nf3 b6 7. Bd3 Bb7 8. Qe2 O-O
9. O-O Nc6 10. d5 Nb4 11. a5 bxa5 12. Nd4 c6 13. dxc6 Nxc6 14. Ra3 d5 15. Nxc6
Bxc6 16. e5 Ne4 17. Bd4 Nxc3 18. Rxc3 Qd7 19. Bxa6 e6 20. Ra1 a4 21. h4 Rfb8 22.
Rca3 Rb4 23. c3 Rbb8 24. Bd3 Bf8 25. R3a2 Rb3 26. Bc2 Rbb8 27. Bd3 Rb3 28. Bc2
Rbb8 29. Bd3 Rb3 30. Bc2 Rbb8 31. h5 Bb5 32. Qd1 Qc8 33. Bxa4 Bxa4 34. Rxa4 Rxa4
35. Qxa4 Rxb2 36. g3 Rb7 37. Kg2 Rb8 38. Qa7 Rb7 39. Qa8 Rb8 40. Qa7 1/2-1/2

[Event "Druzynowe Mistrzostwa Polski Juniorow - I Liga Juniorow 2019"]
[Site "Ustron"]
[Date "1899-12-30"]
[Round "3.26"]
[White "Redzisz, Michal"]
[Black "Bachor, Tomasz"]
[Result "1-0"]
[WhiteTitle "k"]
[BlackTitle "I+"]
[WhiteElo "2054"]
[BlackElo "2038"]

1. d4 Nf6 2. c4 g6 3. Nf3 Bg7 4. g3 O-O 5. Bg2 d6 6. O-O Nc6 7. Nc3 Bg4 8. h3 Bxf3
9. Bxf3 Nd7 10. e3 e5 11. d5 Ne7 12. e4 f5 13. h4 Nf6 14. Bg5 h6 15. Bxf6 Bxf6
16. h5 f4 17. Kg2 Bg5 18. Rh1 Kg7 19. Qd3 a6 20. Bg4 Qb8 21. hxg6 Qa7 22. Bf5
Nxg6 23. Rh5 Rf6 24. Ne2 Re8 25. Rah1 Re7 26. g4 Rf8 27. Qh3 f3+ 28. Kxf3 Kf6
29. Rxh6 Bxh6 30. Qxh6 Rg8 31. Rh5 Reg7 32. Be6 Ke7 33. Bxg8 Kf8 34. Be6 Qc5 35.
Rf5+ Ke8 36. Qxg7 Nh4+ 37. Kg3 Nxf5+ 38. gxf5 Qxc4 39. Qf7+ Kd8 40. Qf8# 1-0

[Event "Druzynowe Mistrzostwa Polski Juniorow - I Liga Juniorow 2019"]
[Site "Ustron"]
[Date "1899-12-30"]
[Round "3.27"]
[White "Karwacki, Piotr"]
[Black "Poltorak, Sebastian"]
[Result "1/2-1/2"]
[WhiteTitle "I"]
[BlackTitle "I++"]
[WhiteElo "1780"]
[BlackElo "2068"]

1. e4 c6 2. d4 d5 3. Nc3 dxe4 4. Nxe4 Bf5 5. Ng3 Bg6 6. h4 h6 7. Nf3 Nd7 8. h5
Bh7 9. Bd3 Bxd3 10. Qxd3 e6 11. Bd2 Ngf6 12. O-O-O Be7 13. Kb1 Qc7 14. Ne4 Nxe4
15. Qxe4 Nf6 16. Qe2 O-O-O 17. g3 Bd6 18. c4 c5 19. Bc3 cxd4 20. Nxd4 a6 21. Nb3
Qc6 22. Rhe1 Bc7 23. Nd4 Qc5 24. g4 Qg5 25. f3 Rd7 26. b4 Rhd8 27. b5 Qc5 28.
bxa6 bxa6 29. Nb3 Rxd1+ 30. Rxd1 Rxd1+ 31. Kc2 Qg1 32. Qxd1 Qf2+ 33. Nd2 Bf4 34.
Qf1 Qc5 35. Ne4 Qa3 36. Qb1 Nxe4 37. fxe4 Qa4+ 38. Qb3 Qc6 39. Kd3 Qd7+ 40. Kc2
Qc6 41. Kd3 Qd7+ 42. Kc2 Qc6 43. Kd3 Qd7+ 1/2-1/2

[Event "Druzynowe Mistrzostwa Polski Juniorow - I Liga Juniorow 2019"]
[Site "Ustron"]
[Date "1899-12-30"]
[Round "3.28"]
[White "Meers, Hubert"]
[Black "Wierzbicki, Dawid"]
[Result "1-0"]
[WhiteTitle "I++"]
[BlackTitle "I"]
[WhiteElo "2072"]
[BlackElo "1640"]

1. e4 c5 2. Nf3 g6 3. c4 Bg7 4. d4 cxd4 5. Nxd4 Nc6 6. Be3 Nf6 7. Nc3 d6 8. Be2
Bd7 9. O-O Nxd4 10. Qxd4 O-O 11. Qd2 Bc6 12. f3 Nd7 13. Rfd1 Qc7 14. Rac1 Rac8
15. Bf1 b6 16. b4 Ne5 17. Bd4 f5 18. Nd5 Qd7 19. f4 Ng4 20. h3 Bxd5 21. exd5 Nf6
22. Bd3 e6 23. dxe6 Qxe6 24. Bb2 Kh8 25. Bc2 Rcd8 26. Bb3 Rfe8 27. c5 Qd7 28.
Qxd6 Qc8 29. Qxf6 Rxd1+ 30. Rxd1 Rg8 31. Qf7 Bxb2 32. Qxg8+ Qxg8 33. Bxg8 1-0

[Event "Druzynowe Mistrzostwa Polski Juniorow - I Liga Juniorow 2019"]
[Site "Ustron"]
[Date "1899-12-30"]
[Round "3.29"]
[White "Furtak, Joanna"]
[Black "Leczek, Weronika"]
[Result "0-1"]
[WhiteTitle "k"]
[BlackTitle "k"]
[WhiteElo "1879"]
[BlackElo "1806"]

1. e4 c5 2. Nf3 Nc6 3. d4 cxd4 4. Nxd4 Nf6 5. Nc3 e5 6. Ndb5 d6 7. a4 a6 8. Na3
Be6 9. Bc4 Rc8 10. Bg5 Be7 11. Bxf6 Bxf6 12. Bd5 O-O 13. O-O Qc7 14. Nc4 Nd4 15.
Ne3 b5 16. axb5 axb5 17. Qd3 Bg5 18. Rfc1 b4 19. Ne2 Qc5 20. c4 Bxd5 21. exd5
f5 22. Nxd4 exd4 23. Nxf5 g6 24. Nxd4 Bxc1 25. Rxc1 Qxd5 26. cxd5 Rxc1+ 27. Qf1
Rxf1+ 28. Kxf1 Ra8 29. Nc2 b3 30. Ne3 Rc8 31. Ke2 Kf7 32. Kd3 Rc5 33. Kd4 Rc2
34. Nc4 Ke7 35. h4 Rxf2 36. Kc3 Rxg2 37. Kxb3 g5 38. hxg5 Rxg5 39. Nb6 h5 40.
Kc4 h4 41. b4 h3 42. b5 h2 0-1

[Event "Druzynowe Mistrzostwa Polski Juniorow - I Liga Juniorow 2019"]
[Site "Ustron"]
[Date "1899-12-30"]
[Round "3.30"]
[White "Slusarczyk, Milena"]
[Black "Mroz, Lena"]
[Result "1/2-1/2"]
[WhiteTitle "I+"]
[BlackTitle "I++"]
[WhiteElo "1522"]
[BlackElo "1570"]

1. d4 d5 2. Nf3 Nf6 3. e3 e6 4. Bd3 Bd6 5. O-O c5 6. b3 Nc6 7. Bb2 b6 8. Nbd2 O-O
9. e4 dxe4 10. Nxe4 Nxe4 11. Bxe4 Bb7 12. dxc5 Bxc5 13. Qe2 Qe7 14. Rad1 Rfd8
15. c4 Rac8 16. Rfe1 Bb4 17. Rf1 a6 18. Qc2 h6 19. Bh7+ Kf8 20. Be4 Kg8 21. Bh7+
Kf8 22. Be4 f5 23. Bxc6 Bxc6 24. Ne5 Kg8 25. Rxd8+ Qxd8 26. Rd1 Qe7 27. Nxc6 Rxc6
28. Qe2 Rc8 29. Qe5 Bc5 30. g3 Kh7 31. Kf1 a5 32. Kg1 Qf7 33. Rd2 Bb4 34. Rd1
Bc5 35. Rd2 Qe7 36. Rd1 Bb4 37. Kf1 Qf7 38. Kg1 Bc5 39. Rd2 Bb4 1/2-1/2

[Event "Druzynowe Mistrzostwa Polski Juniorow - I Liga Juniorow 2019"]
[Site "Ustron"]
[Date "1899-12-30"]
[Round "4.1"]
[White "Fus, Jakub"]
[Black "Szpar, Milosz"]
[Result "1/2-1/2"]
[WhiteTitle "FM"]
[BlackTitle "FM"]
[WhiteElo "2341"]
[BlackElo "2289"]

1. Nf3 d5 2. e3 Nf6 3. b3 Bf5 4. Bb2 e6 5. c4 Nbd7 6. Nc3 c6 7. Be2 h6 8. O-O Bd6
9. d4 Qe7 10. Rc1 O-O 11. h3 Rfe8 12. Re1 Ne4 13. c5 Bc7 14. Nxe4 dxe4 15. Ne5
Nxe5 16. dxe5 Rad8 17. Qc2 Qg5 18. Kh1 Bg6 19. Red1 Bxe5 20. Bxe5 Qxe5 21. b4
a6 22. Rd2 Qf6 23. Bc4 Rxd2 24. Qxd2 Rd8 25. Qc2 Qe5 26. Kg1 Rd7 27. a3 Kh7 28.
Re1 Bf5 29. Bf1 Qd5 30. Bc4 Qe5 31. Be2 Kg8 32. Rd1 Qc7 33. Rxd7 Qxd7 34. Qc3
f6 35. Bc4 Kf8 36. Qb3 Ke7 37. Qc2 e5 38. Kh2 h5 39. Qe2 g6 40. Qc2 Qc7 41. Bb3
Qd7 42. Bc4 Qd8 1/2-1/2

[Event "Druzynowe Mistrzostwa Polski Juniorow - I Liga Juniorow 2019"]
[Site "Ustron"]
[Date "1899-12-30"]
[Round "4.2"]
[White "Redzisz, Michal"]
[Black "Baum, Jonasz"]
[Result "0-1"]
[WhiteTitle "k"]
[BlackTitle "FM"]
[WhiteElo "2054"]
[BlackElo "2295"]

1. d4 Nf6 2. c4 e6 3. Nc3 Bb4 4. Qc2 c5 5. dxc5 Bxc5 6. Nf3 O-O 7. Bg5 Nc6 8. a3
Nd4 9. Nxd4 Bxd4 10. e3 Qa5 11. exd4 Qxg5 12. Qd2 Qxd2+ 13. Kxd2 b6 14. Bd3 Bb7
15. f3 d5 16. c5 bxc5 17. dxc5 e5 18. Rhe1 Rfe8 19. Bb5 Re6 20. c6 Bxc6 21. Bxc6
Rxc6 22. Rxe5 Re6 23. Rae1 Ne4+ 24. R1xe4 dxe4 25. Rxe6 fxe6 26. Nxe4 Kf7 27.
b4 e5 28. Nc5 Ke7 29. Ke3 Rd8 30. Nd3 Ke6 31. Nc5+ Kd5 32. Kd3 Rc8 33. Kc3 Rc6
34. a4 Rg6 35. a5 Rxg2 36. Nd7 Rf2 37. b5 Rxf3+ 38. Kb4 Rf4+ 39. Kb3 Rf7 0-1

[Event "Druzynowe Mistrzostwa Polski Juniorow - I Liga Juniorow 2019"]
[Site "Ustron"]
[Date "1899-12-30"]
[Round "4.3"]
[White "Janeczko, Jakub"]
[Black "Poltorak, Sebastian"]
[Result "0-1"]
[WhiteTitle "I"]
[BlackTitle "I++"]
[WhiteElo "1725"]
[BlackElo "2068"]

1. d4 Nf6 2. Nc3 d5 3. Bf4 e6 4. Nb5 Bd6 5. Nxd6+ cxd6 6. Nf3 Nc6 7. e3 O-O 8.
Be2 Re8 9. Bg3 Ne4 10. c3 e5 11. Qb3 exd4 12. Nxd4 Nxd4 13. exd4 Qe7 14. Qd1 Bd7
15. a4 Qe6 16. Bf4 Qf6 17. Be3 Nxf2 18. Bxf2 Bg4 19. O-O Bxe2 20. Qb3 Bxf1 21.
Rxf1 Qg5 22. Qxb7 Rab8 23. Qxa7 Rxb2 24. Qd7 Qe7 25. Qc6 Reb8 26. h3 h6 27. Qxd5
Rb1 28. Qc4 Rxf1+ 29. Qxf1 Qe4 30. Qc4 Rb1+ 31. Kh2 Rb2 32. Qf1 Qf5 33. Kg3 g5
34. Qc1 Qxf2+ 35. Kg4 Qxg2+ 36. Kf5 Qf3+ 37. Qf4 Qxf4# 0-1

[Event "Druzynowe Mistrzostwa Polski Juniorow - I Liga Juniorow 2019"]
[Site "Ustron"]
[Date "1899-12-30"]
[Round "4.4"]
[White "Meers, Hubert"]
[Black "Sidorczuk, Pawel"]
[Result "1-0"]
[WhiteTitle "I++"]
[BlackTitle "II+"]
[WhiteElo "2072"]
[BlackElo "1610"]

1. e4 e5 2. Nf3 Nc6 3. Bb5 a6 4. Ba4 Nf6 5. O-O b5 6. Bb3 Bc5 7. a4 Rb8 8. Nxe5
Nxe5 9. d4 Bxd4 10. Qxd4 d6 11. Bf4 Ng6 12. Bg5 O-O 13. axb5 axb5 14. Bxf6 Qxf6
15. Qxf6 gxf6 16. Nc3 c6 17. Ne2 f5 18. exf5 Bxf5 19. Ra6 Bd7 20. Rfa1 Rfd8 21.
Ng3 d5 22. Nh5 Rbc8 23. Ra7 Be6 24. f4 c5 25. R1a6 Nf8 26. f5 Bxf5 27. Bxd5 Bg6
28. Nf4 Bxc2 29. Bxf7+ Kh8 30. Nd5 Be4 31. Nf6 Bc6 32. Be6 Rd1+ 33. Kf2 Rdd8 34.
Bxc8 Rxc8 35. Re7 1-0

[Event "Druzynowe Mistrzostwa Polski Juniorow - I Liga Juniorow 2019"]
[Site "Ustron"]
[Date "1899-12-30"]
[Round "4.5"]
[White "Tarka, Aleksandra"]
[Black "Leczek, Weronika"]
[Result "0-1"]
[WhiteTitle "I++"]
[BlackTitle "k"]
[WhiteElo "1574"]
[BlackElo "1806"]

1. d4 f5 2. Nf3 Nf6 3. g3 e6 4. Bg2 Be7 5. c4 O-O 6. Nc3 a5 7. O-O d6 8. Qc2 Nc6
9. a3 e5 10. dxe5 dxe5 11. Rd1 Qe8 12. Nd5 Bd8 13. Be3 Qh5 14. Nxf6+ Bxf6 15.
Bc5 Rf7 16. a4 Be6 17. e3 g5 18. Rd2 g4 19. Ne1 e4 20. Bd4 Bxd4 21. exd4 Bd7 22.
Qc3 Re8 23. Re2 Rf6 24. Qd2 Rh6 25. Rd1 Qxh2+ 26. Kf1 Qh5 27. Qf4 Rd6 28. Nc2
Ne5 29. c5 Ng6 30. Qc1 Rf6 31. b3 f4 32. gxf4 Nxf4 33. Rxe4 Nxg2 34. Rxe8+ Bxe8
35. Kxg2 Bc6+ 36. d5 Bxd5+ 37. Rxd5 Qxd5+ 38. Kg1 Qxc5 39. Qd2 g3 40. Qd8+ Rf8
0-1

[Event "Druzynowe Mistrzostwa Polski Juniorow - I Liga Juniorow 2019"]
[Site "Ustron"]
[Date "1899-12-30"]
[Round "4.6"]
[White "Slusarczyk, Milena"]
[Black "Rejniak, Zuzanna"]
[Result "1/2-1/2"]
[WhiteTitle "I+"]
[BlackTitle "k"]
[WhiteElo "1522"]
[BlackElo "1808"]

1. d4 f5 2. Nf3 Nf6 3. e3 g6 4. Bd3 Bg7 5. O-O O-O 6. Nbd2 d6 7. c3 Qe8 8. e4 fxe4
9. Nxe4 e5 10. dxe5 dxe5 11. Nxf6+ Rxf6 12. Re1 Nc6 13. Bg5 Rd6 14. Qc2 Qf7 15.
Nd2 Be6 16. b3 b6 17. Bc4 Rf8 18. Bxe6 Qxe6 19. Ne4 Qf5 20. f3 h6 21. Be3 g5 22.
Qe2 Rg6 23. Ng3 Qe6 24. h3 a5 25. Bf2 Qf7 26. Rad1 Re6 27. Qe3 Rfe8 28. Ne4 Qf4
29. Bg3 Qxe3+ 30. Rxe3 Ne7 31. Red3 Nf5 32. Rd7 R6e7 33. R7d3 Re6 34. Rd7 R6e7
35. R7d3 Re6 36. Rd7 R6e7 1/2-1/2

[Event "Druzynowe Mistrzostwa Polski Juniorow - I Liga Juniorow 2019"]
[Site "Ustron"]
[Date "1899-12-30"]
[Round "4.7"]
[White "Brozyna, Mateusz"]
[Black "Lis, Mateusz"]
[Result "1/2-1/2"]
[WhiteTitle "k"]
[BlackTitle "k"]
[WhiteElo "2252"]
[BlackElo "2032"]

1. e4 c5 2. Nf3 e6 3. d4 cxd4 4. Nxd4 Nc6 5. Nc3 Qc7 6. g3 a6 7. Bg2 Nf6 8. O-O
Be7 9. Re1 d6 10. Nxc6 bxc6 11. e5 dxe5 12. Rxe5 Bb7 13. Bf4 Rd8 14. Rd5 Qc8 15.
Rxd8+ Qxd8 16. Qxd8+ Bxd8 17. Rd1 Be7 18. Na4 Nd7 19. Bc7 f5 20. b3 Nf6 21. Bd6
Bxd6 22. Rxd6 Ke7 23. Rd2 Nd7 24. f4 Rc8 25. Kf2 Rc7 26. Nb2 e5 27. Nc4 exf4 28.
gxf4 Nf6 29. Nd6 Bc8 30. Nxc8+ Rxc8 31. Rd4 c5 32. Ra4 Rd8 33. Ke1 Rd6 34. Ra5
Nh5 35. Rxc5 Nxf4 36. Bf3 Ke6 37. b4 g5 38. Rc6 g4 39. Rxd6+ Kxd6 40. Bb7 Nd5
41. a3 Nc7 42. Kf2 f4 43. c4 h5 44. a4 h4 45. a5 Ke5 46. Bg2 Kd4 47. Bf1 Ne6 48.
h3 g3+ 1/2-1/2

[Event "Druzynowe Mistrzostwa Polski Juniorow - I Liga Juniorow 2019"]
[Site "Ustron"]
[Date "1899-12-30"]
[Round "4.8"]
[White "Bachor, Tomasz"]
[Black "Suder, Jakub"]
[Result "1-0"]
[WhiteTitle "I+"]
[BlackTitle "I++"]
[WhiteElo "2038"]
[BlackElo "1989"]

1. d4 d5 2. c4 e6 3. Nc3 a6 4. cxd5 exd5 5. Nf3 Nf6 6. Bg5 Be6 7. e3 Nbd7 8. Bd3
Bd6 9. O-O c6 10. e4 dxe4 11. Nxe4 Be7 12. Ng3 Qa5 13. Re1 O-O 14. Qc2 Rfe8 15.
a3 Bf8 16. Nf5 Bd5 17. b4 Qc7 18. Nd2 g6 19. Ne3 Bg7 20. g3 Qb6 21. Nb3 Nf8 22.
Nc4 Bxc4 23. Bxc4 Nd5 24. Bxd5 cxd5 25. Qc5 Qb5 26. Rxe8 Rxe8 27. Be3 Ra8 28.
a4 Qxc5 29. bxc5 Ne6 30. Rb1 a5 31. Kf1 Kf8 32. Ke2 Nd8 33. Nd2 Ra7 34. Rb6 Nc6
35. Kd3 Ke7 36. Nb1 Nb4+ 37. Kc3 Nc6 38. Na3 Nd8 39. Nb5 Ra8 40. Nc7 Rc8 41. Nxd5+
Kf8 42. Kc4 Rc6 43. Rb5 Ra6 44. Bf4 Re6 45. Bd6+ Kg8 46. Rxa5 Bxd4 47. Ra8 Re8
48. Be7 Kg7 49. Rxd8 Rxd8 50. Bxd8 Bxf2 51. a5 Bg1 52. h3 Bf2 53. Bc7 g5 54. Nb6
f5 55. c6 bxc6 56. a6 f4 57. gxf4 gxf4 58. a7 1-0

[Event "Druzynowe Mistrzostwa Polski Juniorow - I Liga Juniorow 2019"]
[Site "Ustron"]
[Date "1899-12-30"]
[Round "4.9"]
[White "Dziewonski, Dariusz"]
[Black "Karwacki, Piotr"]
[Result "0-1"]
[WhiteTitle "I"]
[BlackTitle "I"]
[WhiteElo "1803"]
[BlackElo "1780"]

1. c4 e5 2. g3 Nf6 3. Bg2 c6 4. d4 e4 5. c5 b6 6. Nc3 bxc5 7. Nxe4 Nxe4 8. Bxe4
Qb6 9. e3 cxd4 10. Qxd4 Qxd4 11. exd4 Na6 12. Bf4 f6 13. h4 Kd8 14. Ne2 Nc7 15.
O-O-O d5 16. Bf3 Nb5 17. Nc3 a6 18. Rhe1 Ra7 19. g4 Nxc3 20. bxc3 Rb7 21. Rd2
a5 22. c4 h5 23. cxd5 hxg4 24. Be4 cxd5 25. Bxd5 Ba3+ 26. Kc2 Bf5+ 27. Kc3 Bb4+
28. Kc4 Bxd2 29. Bxd2 Rc7+ 30. Kb5 Kd7 31. Bxa5 Bd3+ 32. Ka4 Ra7 33. Re3 Rh5 34.
Be6+ Kd6 35. d5 Bc4 36. Re4 Bxd5 37. Bxg4 Bxe4 38. Bxh5 Kc5 0-1